Statistics for Ren songs (2016 - 2023)

Click here to take the quiz!

General Stats

  • This quiz has been taken 15 times
  • The average score is 20 of 50

Answer Stats

Song% Correct
Sick Boi
90%
Murderer
80%
Animal Flow
70%
Love Music, Pt. 2
70%
Love Music, Pt. 3
70%
Love Music, Pt. 4
70%
Money Game, Pt. 2
70%
Money Game, Pt. 3
70%
Sick Boi, Pt. 2
70%
Suic*de
70%
Lost All Faith
60%
Love Music, Pt. 1
60%
Masochist
60%
Dear God,
50%
Down On The Beat (feat. Viktus)
50%
Genesis
50%
Life Is Funny
50%
Seven Sins
50%
The Hunger
50%
Crucify Your Culture
40%
French Song (feat. Romain Axisa)
40%
Heretic
40%
Hold On
40%
Illest Of Our Time
40%
Ocean (feat. Eden Nash)
40%
Uninvited
40%
What You Want
40%
Diazepam
30%
Dominoes
30%
Everybody Drops
30%
Make My Way
30%
Pixie
30%
Ready For You
30%
1990s
20%
Bullet
20%
Crutch (feat. BiBi)
20%
Depression
20%
Fire
20%
Freckled Angels
20%
Insomnia
20%
It's Alright
20%
Loco
20%
Meaning
20%
Penitence (feat. Molly McKinna)
20%
Pocket Full Of Pain
20%
Run Away
20%
Satellite Girl
20%
Street Lights
20%
Wicked Ways
20%
Ahiahihohah (feat. BiBi)
0%

Score Distribution

Percentile by Number Answered

Percent of People with Each Score

Your Score History

You have not taken this quiz